| 000 | 01006nam2a2200253 4500 | ||
|---|---|---|---|
| 001 | RU\NLR\bibl\11343 | ||
| 005 | 20250615011622.0 | ||
| 010 |
_a5-300-01644-6 _bТ. 13 |
||
| 021 |
_aRU _b98-15249 _9721 |
||
| 035 | _a(NLR Aleph) 000011063 | ||
| 090 |
_a38495 _c38495 |
||
| 100 | _a19981229d1998 |||y0rusy50 ca | ||
| 101 | 1 |
_arus _cfre |
|
| 102 | _aRU | ||
| 105 | _a||||||||||||| | ||
| 200 | 1 |
_aУдивительные приключения дядюшки Антифера _aЗеленый луч _e[Романы _fПер. Э. Леонидовой, М. Березкиной] |
|
| 210 |
_d1998 _aБ. м. |
||
| 215 | _a384 с. | ||
| 461 | 0 |
_1001RU\NLR\bibl\5945 _12001#$aСобрание сочинений$vТ. 13 _916700 _aВерн, Ж. (1828-1905) _cМ. _d1997 _fЖюль Верн _nТерра _oВ 20 т. : [Пер. с фр.] _tСобрание сочинений _y5-300-01303-Х _vТ. 13 |
|
| 801 | 0 |
_aRU _bNLR _c19981229 _gPSBO |
|
| 801 | 1 |
_aRU _bNLR _c19981229 |
|
| 852 |
_aNLR _j97-3/11460 |
||
| 942 | _cBOOK | ||
| 980 | _aNB | ||